00348 2200145 4500001002100000005001500021035002000036245004300056100001600099300001200115260004100127082000800168084001400176990001200190INLIS00000000000194420250522091259 a0010-05250002361 aIslam, Konstitusi & HAM /cAhmad Suadi0 aAhmad Suadi a270 hlm aJakarta :bThe Wahid Institut,c2007 a200 a200 AHM i a0713464